Espectáculo de la naturaleza o conversaciones acerca de las particularidades de la historia natural, que han parecido más a propósito para excitar una curiosidad útil y formarles la razón a los jóvenes lectores (Record no. 8369)

MARC details
000 -CABECERA
campo de control de longitud fija 01264nam a2200265 a 4500
001 - NÚMERO DE CONTROL
campo de control BRCA_8717
005 - FECHA Y HORA DE LA ÚLTIMA TRANSACCIÓN
campo de control 20190320210358.0
008 - DATOS DE LONGITUD FIJA--INFORMACIÓN GENERAL
campo de control de longitud fija 080217s1758----sp-#######---#000-0#spa-#
041 ## - CÓDIGO DE LENGUA
Código de lengua del texto/banda sonora o título independiente spa
044 ## - CÓDIGO DEL PAÍS DE LA ENTIDAD EDITORA/PRODUCTORA
Código MARC del país sp
084 ## - OTRO NÚMERO DE CLASIFICACIÓN
Número de clasificación BE58
Número de documento/Ítem .P58 1758
100 1# - ENTRADA PRINCIPAL--NOMBRE DE PERSONA
Nombre de persona Pluche, Noël Antoine
Fechas asociadas al nombre 1688-1761
9 (RLIN) 21346
245 10 - MENCIÓN DE TÍTULO
Título Espectáculo de la naturaleza o conversaciones acerca de las particularidades de la historia natural, que han parecido más a propósito para excitar una curiosidad útil y formarles la razón a los jóvenes lectores
Mención de responsabilidad, etc. escrito en idioma francés por el abad M. Pluche ; y traducido al castellano por el P. Estevan de Terreros y Pando.
250 ## - MENCIÓN DE EDICIÓN
Mención de edición 2a ed.
260 ## - PUBLICACIÓN, DISTRIBUCIÓN, ETC.
Lugar de publicación, distribución, etc. Madrid
Nombre del editor, distribuidor, etc. En la Oficina de Joachin Ibarra
Fecha de publicación, distribución, etc. 1758
300 ## - DESCRIPCIÓN FÍSICA
Extensión [2], [1], 394 p. (t.16)
Otras características físicas il.
Dimensiones 20 x 14.5 cm.
500 ## - NOTA GENERAL
Nota general En portada : Dedicado a la Reyna Nuestra Señora Doña Maria Barbara
500 ## - NOTA GENERAL
Nota general Estado físico : presenta lomo semi-desprendido y cintas rotas
505 0# - NOTA DE CONTENIDO CON FORMATO
Nota de contenido con formato Contenido : t.11, pte.8. Que contiene la demostración Evangelica
650 14 - PUNTO DE ACCESO ADICIONAL DE MATERIA--TÉRMINO DE MATERIA
Término de materia o nombre geográfico como elemento de entrada Ciencias naturales
Subdivisión cronológica Obras anteriores a 1800
9 (RLIN) 21347
700 1# - PUNTO DE ACCESO ADICIONAL--NOMBRE DE PERSONA
Nombre de persona Ibarra, Joaquín
Fechas asociadas al nombre 1725-1785
Término indicativo de función/relación Impresor
9 (RLIN) 21271
700 1# - PUNTO DE ACCESO ADICIONAL--NOMBRE DE PERSONA
Nombre de persona Terreros y Pando, Esteban de
Fechas asociadas al nombre 1707-1782
Término indicativo de función/relación tr.
9 (RLIN) 21715
902 ## - CATALOGADOR
Iniciales CFM
942 ## - ELEMENTOS DE PUNTO DE ACCESO ADICIONAL (KOHA)
Fuente del sistema de clasificación o colocación Library of Congress Classification
Tipo de ítem Koha Libros
Holdings
Estado de retiro Estado de pérdida Estado dañado No para préstamo Localización permanente Ubicación/localización actual Fecha de adquisición Total de préstamos Signatura topográfica completa Código de barras Fecha visto por última vez Precio válido a partir de Tipo de ítem Koha
El ejemplar forma parte de la colección y puede ser consultado según las políticas vigentes.       Biblioteca del Museo Franz Mayer (Rogerio Casas-Alatriste) Biblioteca del Museo Franz Mayer (Rogerio Casas-Alatriste) 08/02/2017   BE58 .P58 1758 CFM00053 22/03/2019 22/03/2019 Libros